La vie politique en France aujourd'hui

Αποθηκεύτηκε σε:
Λεπτομέρειες βιβλιογραφικής εγγραφής
Κύριος συγγραφέας: Laudet, Claire 1943-
Άλλοι συγγραφείς: Cox, Richard 1953-
Μορφή: Βιβλίο
Γλώσσα:French
Δημοσίευση: Manchester : Manchester University Press, c1995
Σειρά:La France aujourd'hui
Readers in contemporary French Civilisation
Θέματα:
Ετικέτες: Προσθήκη ετικέτας
Δεν υπάρχουν, Καταχωρήστε ετικέτα πρώτοι!

MARC

LEADER 00000nam a2200000 i 4500
001 1/85369
008 990701s1995 fre d
020 |a 0719042178 
035 |l 10051821 
040 |a GR-MY-UA  |b gre  |e aacr 
041 0 |a fre 
082 0 |a 320.944 
100 1 |a Laudet, Claire  |d 1943- 
245 1 3 |a La vie politique en France aujourd'hui /  |c Claire Laudet and Richard Cox 
260 |a Manchester :   |b Manchester University Press,   |c c1995 
300 |a x, 190 p.;  |b ill. maps;  |c 23 cm. 
490 1 |a La France aujourd'hui 
490 1 |a Readers in contemporary French Civilisation 
504 |a Bibliography: p. 188-190 
650 0 0 |a Public institutions  |z France  |x History  |y 20th century. 
650 0 0 |a Socialism  |z France  |x History  |y 20th century. 
650 0 0 |a Capitalism  |z France  |x History  |y 20th century. 
650 0 0 |a Political parties  |z France  |x History  |y 20th century. 
651 0 |a France  |x Politics and government  |y 20th century. 
700 1 |a Cox, Richard  |d 1953- 
830 0 |a La France aujourd'hui 
830 0 |a Readers in contemporary French Civilisation 
852 |a INST  |b LESVOS  |e 19990701  |h 320.944 LAU  |p 005100021520  |q 005100021520  |t BK  |y 0 
901 |a BIBL1-2000-2 
909 |a Λ  |b 062427 
922 |a 1ΕΛΗ  |b 199812  |c ΚΠΣ/ΚΥΒ  |d LEADER 
950 |a 023-1998-09-14 
970 |z 2000/05/ΜΙΧΑΗΛΙΔΟΥ ΑΝΝΑ